Регионална библиотека "Любен Каравелов" - Русе

Хвъркатото мишле (Запис номер 139284)

MARC детайли
000 -Лидер
Контролно поле с фиксирана дължина 01348nam a2200313 c 4500
003 - Код на организацията, давaща контролен номер
Контролно поле BLK
005 - Дата и час на последна редакция
Контролно поле 20240322135449.0
008 - Елементи от данни с фиксирана дължина
fixed length control field 180409b bul|||||r ||||||| ||bul||
010 ## - Наследен системен номер
LC control number KNG00145306000
040 ## - Източник на каталожния запис
Идентификатор на билиотеката - собственик на записа BLK
041 ## - Код за език
Код за езика на текст/звукозапис или на отделно заглавие Български
Код за езика КДБФ Български
080 ## - УДК
Текстов определител УДК Българска литература
УДК код - определител по УДК 821.163.2
УДК определител -93-32
УДК - код + определител 821.163.2-93-32
100 ## - Редна дума - Автор
Автор Дойчев, Любомир
Пълна форма на името Колев, Любомир Дойчев
Дати, свързани с автора 1909 - 1991
Автор - информация (биография) Писател, редактор, общественик. Роден в Русе
R(LIN) 324475
139 ## - Редно поле
Редна дума Дойчев, Любомир
Авторски знак Дои - Д 71
245 10 - Сведения за заглавието
Заглавие Хвъркатото мишле
Подзаглавни данни Разкази за диви бозайници и птици
Редно поле (дума) Любомир Дойчев; худож. Петър Манолов; худож. Кирил Гюлеметов.
257 ## - Страна на издаване
Страна на създаване/издаване България
260 ## - Област на издателските данни
-- София
Име на издателя, разпространителя и проч. Бълг. писател
Година на издаване 1962
300 ## - Физическа характеристика
Страници 151 с.
Илюстрации и др. с ил.
Размери/Мащаб 20 см
380 ## - Жанр
Жанр Детска худож. лит.
500 ## - Общи забележки
Забележка 4 100 тир.
700 1# - Други автори (авторска отговорност)
Лично име Манолов, Петър
Автороска отговорност (Описва отношението между автора и произведението) худож.
9 (RLIN) 367073
700 1# - Други автори (авторска отговорност)
Лично име Гюлеметов, Кирил
Автороска отговорност (Описва отношението между автора и произведението) худож.
9 (RLIN) 374590
852 ## - Местоположение
Форматна сигнатура Цб 260706
856 4# - Електронен адрес и достъп
Електронен формат pdf - файл
Път до файла /url/
856 4# - Електронен адрес и достъп
Електронен формат pdf - файл
Път до файла /url/
942 ## - АРТИКУЛИ
Вид на библиотечния материал Книги
Скрит в OPAC Не
944 ## - СЪЗДАВАНЕ И РЕДАКЦИЯ на ЗАПИСА
Създаване/Редакция Създаване
Дата на регистрацията/редакция 09.07.2013
Статус, дата на статуса Кети Илиева
Служител, извършил регистрацията/редакцията 30550
944 ## - СЪЗДАВАНЕ И РЕДАКЦИЯ на ЗАПИСА
Създаване/Редакция Редакция
Дата на регистрацията/редакция 25.09.2017
Статус, дата на статуса 09.07.2013 - от С1,Р / 09.07.2013
Служител, извършил регистрацията/редакцията Вася_Ганчева
999 ## - СИСТЕМНИ КОНТРОЛНИ НОМЕРА
Koha biblionumber 139284
Koha biblioitemnumber 139284
Наличности
Код за отписване Код за изгубен артикул Източник на класификационната схема Код за повреда Коз за рестрикции Код за отдаване Артикулен № Име на библиотеката - собственик Име на библиотеката, в която се намира в момента Статус (Текущо местоположение) Дата на вписване в системата Местоположение - отдел Цена в лева Инвентарен номер Систематично азбучна сигнатура Баркод Номер на екземпляра Цена в евро Служебна бележка Служебен тип на артикула Бележка за публиката
  Не е изгубен Universal Decimal Classification Не е повреден без рестрикции ползва се в читалня 227946 Регионална библиотека "Любен Каравелов" Русе Регионална библиотека "Любен Каравелов" Русе Хранилище 1962-01-01 Хранилище 0.54 7191/62 Цб 260706 900000104137 1 0.28 N: стар фонд Дата: 01.01.1962 Книги  
Изтеглен Не е изгубен   Не е повреден без рестрикции заемане за дома 227947 Регионална библиотека "Любен Каравелов" Русе Регионална библиотека "Любен Каравелов" Русе   1962-01-01 Детски отдел 0.54 4504/62 ДХ 886.7/Д 71 4504/62 2 0.28 N: стар фонд Дата: 01.01.1962 Дата инв: 01.09.2015 Бележки инв: Д2015 Книги Отч.N: 34/2017 , Дата: 05.09.2017
Изтеглен Не е изгубен   Не е повреден без рестрикции заемане за дома 227948 Регионална библиотека "Любен Каравелов" Русе Регионална библиотека "Любен Каравелов" Русе Детски отдел 1962-01-01 Детски отдел 0.54 4511/62 ДХ 886.7/Д 71 4511/62 3 0.28 N: стар фонд Дата: 01.01.1962 Дата инв: 06.11.2015 Бележки инв: Д2015 Книги  
Vip Innovations Ltd, Rousse, Bulgaria 2025